| 000 | 00558nam a22002177a 4500 | ||
|---|---|---|---|
| 003 | OSt | ||
| 005 | 20140310181931.0 | ||
| 008 | 130722t xxu||||| |||| 00| 0 eng d | ||
| 050 |
_aML 159 _b.M183 2009 |
||
| 082 |
_aTR 791.43 _b.M26 2009 |
||
| 245 |
_aFilm, TV and music : _cMadylus, Olha |
||
| 260 |
_aNew York : _bCambridge, _cc2009. |
||
| 300 |
_a112 p. : _bill. ; _c28 cm. |
||
| 521 | _aFaculty. | ||
| 541 | _j1 | ||
| 562 | _e1 | ||
| 650 |
_a Films. _92763 |
||
| 650 |
_a Music. _91429 |
||
| 650 |
_aTV. _92764 |
||
| 942 |
_2lcc _cBK-TR _kTR |
||
| 999 |
_c7380 _d7380 |
||